000 00937nam a2200253Ia 4500
003 CO-CtgCURN
005 20250408170035.0
008 190723s9999 xx 000 0 und d
020 _a9586166929
040 _aCO-CtgCURN
_bspa
_ccoctgcurn
082 _a345.861
_bF979
245 0 _aEl funcionalismo en el derecho penal :
_blibro homenaje al profesor Gunther Jakobs /
_ccoord. Eduardo Montealegre Lynett
250 _a1 edición
260 _aBogotá, Colombia :
_bUniversidad Externado de Colombia,
_c2003
300 _a2 v. :
504 _aIncluye referencias bibliográficas
521 _aAREA PROFESIONAL
590 _aPrograma de Derecho_18
650 _aDerecho penal
700 _aMontealegre Lynett, Eduardo
_ecoordinador
942 _cBK
_h345.861
_iF979
_2ddc
_n0
999 _c29016
_d29016